00491 2200181 4500001002100000005001700021008004100038035002500079040001200104082001300116084001400129100001100143245005500154250001000209260004500219300002800264650001700292INLIS00000000000697920150408133925.0  a0010-111400000000001 aJIPDBWI a813 [23] a813 HIL f aHILMAN aFinding SRIMULATbSelamatkan Indonesia Dengan Tawa aEd. 1 aJakartabPT Gramedia Pustaka Utamac2013 a230 hlm,c; 20 x 14 Cm. aFiksi-Remaja